ARRUPE JESUIT UNIVERSITY

CORONAVIRUS -STOP THE SPREAD - CLEAN,DISINFECT,COVER

L'ère du vide : (Record no. 118891)

MARC details
000 -LEADER
fixed length control field 00915cam a2200277 a 4500
001 - CONTROL NUMBER
control field 2375517
003 - CONTROL NUMBER IDENTIFIER
control field ARRUPE
005 - DATE AND TIME OF LATEST TRANSACTION
control field 20131202144900.0
008 - FIXED-LENGTH DATA ELEMENTS--GENERAL INFORMATION
fixed length control field 860102s1983 fr b 000 0 fre
010 ## - LIBRARY OF CONGRESS CONTROL NUMBER
LC control number 84154011
020 ## - INTERNATIONAL STANDARD BOOK NUMBER
International Standard Book Number 2070260534 :
Terms of availability 85.00F
040 ## - CATALOGING SOURCE
Original cataloging agency DLC
Transcribing agency DLC
Modifying agency DLC
050 00 - LIBRARY OF CONGRESS CALL NUMBER
Classification number B824
Item number .L56 1983
082 00 - DEWEY DECIMAL CLASSIFICATION NUMBER
Classification number 141/.4
Edition number 19
300 ## - PHYSICAL DESCRIPTION
Dimensions 21 cm.
100 1# - MAIN ENTRY--PERSONAL NAME
Personal name Lipovetsky, Gilles,
Dates associated with a name 1944-
9 (RLIN) 4560
245 12 - TITLE STATEMENT
Title L'ère du vide :
Remainder of title essais sur l'individualisme contemporain /
Statement of responsibility, etc par Gilles Lipovetsky.
260 ## - PUBLICATION, DISTRIBUTION, ETC. (IMPRINT)
Place of publication, distribution, etc [Paris] :
Name of publisher, distributor, etc Gallimard,
Date of publication, distribution, etc c1983.
300 ## - PHYSICAL DESCRIPTION
Extent 246 p. ;
490 0# - SERIES STATEMENT
Series statement Les Essais ;
Volume number/sequential designation 225
500 ## - GENERAL NOTE
General note Collection of articles from various publications for the period 1979-1982.
504 ## - BIBLIOGRAPHY, ETC. NOTE
Bibliography, etc Includes bibliographical references.
650 #0 - SUBJECT ADDED ENTRY--TOPICAL TERM
Topical term or geographic name as entry element Individualism.
9 (RLIN) 4561
650 #0 - SUBJECT ADDED ENTRY--TOPICAL TERM
Topical term or geographic name as entry element Civilization, Modern
Chronological subdivision 1950-
9 (RLIN) 4562
906 ## - LOCAL DATA ELEMENT F, LDF (RLIN)
a 7
b cbc
c orignew
d 4
e ncip
f 19
g y-gencatlg
942 ## - ADDED ENTRY ELEMENTS (KOHA)
Source of classification or shelving scheme Library of Congress Classification
Koha item type Monograph ( Printed materials)
Holdings
Withdrawn status Lost status Source of classification or shelving scheme Damaged status Not for loan Home library Current library Shelving location Date acquired Total Checkouts Full call number Barcode Date last seen Price effective from Koha item type
    Library of Congress Classification     ARRUPE LIBRARY ARRUPE LIBRARY Main Collection 02/12/2013   B824 .L56 1983 464123287 02/12/2013 02/12/2013 Monograph ( Printed materials)

 

Arrupe Library. PO Box MP320 Mt Pleasant, Harare, Zimbabwe
263 242 745411|librarian@aju.ac.zw